| 000 | 00583nam a22002171a 4500 | ||
|---|---|---|---|
| 001 | 637 | ||
| 003 | OSt | ||
| 005 | 20260204211702.0 | ||
| 008 | 040113s1999||||ck ||||||b||||||||||spa|| | ||
| 020 | _a9586007065 | ||
| 050 | _a658.8 G591p | ||
| 082 | _a658.8 G591p | ||
| 100 | _aGoodstein, Leonard D. | ||
| 245 | _aPlaneación estratégica aplicada / Leonard D. Goodstein | ||
| 264 | _aColombia : McGraw-Hill | ||
| 300 | _a442 p. | ||
| 500 | _aIncluye indice | ||
| 650 | _a1.Administración de Mercadeo | ||
| 700 | _aNolan, Timothy M. II.Pfleiffer, J. WilianÌ | ||
| 942 |
_2ddc _cBK |
||
| 999 |
_c637 _d637 |
||